<?xml version="1.0" encoding="UTF-8"?>
<record
    xmlns:xsi="http://www.w3.org/2001/XMLSchema-instance"
    xsi:schemaLocation="http://www.loc.gov/MARC21/slim http://www.loc.gov/standards/marcxml/schema/MARC21slim.xsd"
    xmlns="http://www.loc.gov/MARC21/slim">

  <leader>01918cam a22003133i 4500</leader>
  <controlfield tag="001">911073050</controlfield>
  <controlfield tag="003">OSt</controlfield>
  <controlfield tag="005">20250625103015.0</controlfield>
  <controlfield tag="008">150615t20162016enka          001 0 eng d</controlfield>
  <datafield tag="020" ind1=" " ind2=" ">
    <subfield code="a">9780323287838 (Hardcover)</subfield>
    <subfield code="c">USD 127.00</subfield>
  </datafield>
  <datafield tag="040" ind1=" " ind2=" ">
    <subfield code="a">NUST</subfield>
    <subfield code="b">eng</subfield>
    <subfield code="e">rda</subfield>
    <subfield code="c">NUST</subfield>
    <subfield code="d">NUST</subfield>
  </datafield>
  <datafield tag="050" ind1=" " ind2=" ">
    <subfield code="a">RC346 DAR</subfield>
  </datafield>
  <datafield tag="100" ind1=" " ind2=" ">
    <subfield code="a">Daroff, Robert B.</subfield>
    <subfield code="e">Author</subfield>
  </datafield>
  <datafield tag="245" ind1="0" ind2="0">
    <subfield code="a">Bradley's neurology in clinical practice, volume II /</subfield>
    <subfield code="c">Robert B. Daroff, MD Professor and Chair Emeritus Department of Neurology Case Western Reserve School of Medicine University Hospitals Case Medical Centre Cleveland, OH, USA; Joseph Jankovic, MD Professor of Neurology Distinguished Chair in Movement Disorders, Director of Parkinson's Disease Center and Movement Disorder Clinic, Department of Neurology, Baylor College of Medicine; John C. Mazziotta, MD, PhD Vice Chancellor of UCLA Health Sciences, Dean David Geffen School of Medicine ,CEO UCLA Health, University of California, Los Angeles, Los Los Angels, CA, USA; Scott L. Pomeroy, MD, PhD Bronson Crothers Professor of Neurology, Director, Intellectual and Developmental Disabilities Research Center, Harvard Medical School, Chair, Department of Neurology Neurologist-in- Chief Boston Children's Hospital, Boston, MA,USA</subfield>
  </datafield>
  <datafield tag="250" ind1=" " ind2=" ">
    <subfield code="a">Seventh edition.</subfield>
  </datafield>
  <datafield tag="260" ind1=" " ind2=" ">
    <subfield code="a">London : </subfield>
    <subfield code="b">Elsevier,</subfield>
    <subfield code="c">&#xA9;2016.</subfield>
  </datafield>
  <datafield tag="300" ind1=" " ind2=" ">
    <subfield code="a">2 volumes :</subfield>
    <subfield code="b">illustrations (chiefly color) ;</subfield>
    <subfield code="c">29 cm.</subfield>
  </datafield>
  <datafield tag="336" ind1=" " ind2=" ">
    <subfield code="a">text</subfield>
    <subfield code="b">txt</subfield>
    <subfield code="2">rdacontent</subfield>
  </datafield>
  <datafield tag="337" ind1=" " ind2=" ">
    <subfield code="a">unmediated</subfield>
    <subfield code="b">n</subfield>
    <subfield code="2">rdamedia</subfield>
  </datafield>
  <datafield tag="338" ind1=" " ind2=" ">
    <subfield code="a">volume</subfield>
    <subfield code="b">nc</subfield>
    <subfield code="2">rdacarrier</subfield>
  </datafield>
  <datafield tag="504" ind1=" " ind2=" ">
    <subfield code="a">Includes bibliographical references and index.</subfield>
  </datafield>
  <datafield tag="650" ind1=" " ind2="0">
    <subfield code="a">Nervous system</subfield>
    <subfield code="x">Diseases.</subfield>
  </datafield>
  <datafield tag="650" ind1=" " ind2="2">
    <subfield code="a">Nervous System Diseases.</subfield>
  </datafield>
  <datafield tag="650" ind1=" " ind2="2">
    <subfield code="a">Diagnostic Techniques, Neurological.</subfield>
  </datafield>
  <datafield tag="700" ind1="1" ind2=" ">
    <subfield code="a">Jankovic, Joseph,</subfield>
    <subfield code="e">Author</subfield>
  </datafield>
  <datafield tag="700" ind1="1" ind2=" ">
    <subfield code="a">Mazziotta, John C.,</subfield>
    <subfield code="e">Author</subfield>
  </datafield>
  <datafield tag="700" ind1="1" ind2=" ">
    <subfield code="a">Pomeroy, Scott Loren</subfield>
    <subfield code="e">Author</subfield>
  </datafield>
  <datafield tag="942" ind1=" " ind2=" ">
    <subfield code="2">lcc</subfield>
    <subfield code="c">BOOKS</subfield>
    <subfield code="e">Seventh edition.</subfield>
    <subfield code="h">RC346 DAR</subfield>
    <subfield code="k">RC</subfield>
    <subfield code="m">DAR</subfield>
    <subfield code="n">0</subfield>
  </datafield>
  <datafield tag="999" ind1=" " ind2=" ">
    <subfield code="c">170600</subfield>
    <subfield code="d">170600</subfield>
  </datafield>
  <datafield tag="952" ind1=" " ind2=" ">
    <subfield code="0">0</subfield>
    <subfield code="1">0</subfield>
    <subfield code="2">LCC</subfield>
    <subfield code="4">0</subfield>
    <subfield code="7">0</subfield>
    <subfield code="8">NFIC</subfield>
    <subfield code="a">MAIN</subfield>
    <subfield code="b">MAIN</subfield>
    <subfield code="c">GEN</subfield>
    <subfield code="d">2024-08-28</subfield>
    <subfield code="e">Book Aid International</subfield>
    <subfield code="g">127.00</subfield>
    <subfield code="l">0</subfield>
    <subfield code="o">RC346 DAR</subfield>
    <subfield code="p">92004053917</subfield>
    <subfield code="r">2024-08-28 11:32:23</subfield>
    <subfield code="t">60719</subfield>
    <subfield code="v">127.00</subfield>
    <subfield code="w">2024-08-28</subfield>
    <subfield code="y">BOOKS</subfield>
    <subfield code="z">Donation</subfield>
  </datafield>
  <datafield tag="952" ind1=" " ind2=" ">
    <subfield code="0">0</subfield>
    <subfield code="1">0</subfield>
    <subfield code="2">LCC</subfield>
    <subfield code="4">0</subfield>
    <subfield code="7">0</subfield>
    <subfield code="8">NFIC</subfield>
    <subfield code="a">MEDICAL</subfield>
    <subfield code="b">MEDICAL</subfield>
    <subfield code="c">GEN</subfield>
    <subfield code="d">2025-05-15</subfield>
    <subfield code="e">Book Aid International</subfield>
    <subfield code="g">127.00</subfield>
    <subfield code="l">0</subfield>
    <subfield code="o">RC346 DAR</subfield>
    <subfield code="p">92004053465</subfield>
    <subfield code="r">2025-05-15 14:05:38</subfield>
    <subfield code="t">60718</subfield>
    <subfield code="v">127.00</subfield>
    <subfield code="w">2025-05-15</subfield>
    <subfield code="y">BOOKS</subfield>
    <subfield code="z">Donation</subfield>
  </datafield>
  <datafield tag="952" ind1=" " ind2=" ">
    <subfield code="0">0</subfield>
    <subfield code="1">0</subfield>
    <subfield code="2">LCC</subfield>
    <subfield code="4">0</subfield>
    <subfield code="7">0</subfield>
    <subfield code="8">NFIC</subfield>
    <subfield code="a">MEDICAL</subfield>
    <subfield code="b">MEDICAL</subfield>
    <subfield code="c">GEN</subfield>
    <subfield code="d">2025-06-20</subfield>
    <subfield code="e">Book Aid International</subfield>
    <subfield code="g">127.00</subfield>
    <subfield code="l">0</subfield>
    <subfield code="o">RC346 DAR</subfield>
    <subfield code="p">92004053971</subfield>
    <subfield code="r">2025-06-20 15:23:47</subfield>
    <subfield code="t">60717</subfield>
    <subfield code="v">127.00</subfield>
    <subfield code="w">2025-06-20</subfield>
    <subfield code="y">BOOKS</subfield>
    <subfield code="z">Donation</subfield>
  </datafield>
</record>
